| 000 | 00359nam a22001337a 4500 | ||
|---|---|---|---|
| 020 | _a0-582-98868-3 | ||
| 082 | _a621.381 GRE'E | ||
| 100 |
_aGREEN, D. C _975608 |
||
| 245 | _aELECTRICAL II ,A TEXTBOOOK COVERING THE ORIGINAL LEVEL 1 SYLLABUS OF THE TECHNICIAN EDUCATION COUNCIL | ||
| 250 | _a3RD | ||
| 260 |
_aLONDON _c1985 |
||
| 300 | _a146P | ||
| 942 | _cBK | ||
| 999 |
_c581002 _d581002 |
||